000 00673nam a2200265Ia 4500
003 OSt
005 20221005083619.0
006 a|||||r|||| 00| 0
007 ta
008 221004b |||||||| |||| 00| 0 eng d
020 _a0670892106
024 _a29116
037 _cTextual
040 _aCRL
_cCRL
_beng
041 _2eng
_aeng
082 _aU8.247L, P0
100 _aDasgupta Prabuddha
_9612691
245 0 _aLadakh
260 _aNew Delhi
_bViking Penguin Books India Pvt Ltd
_c2000
300 _av.p.
_ccm.
650 _a TRAVEL
650 _aGEOGRAPHY
942 _hU8.247L, P0
_cTEXL
_2cc
999 _c991281
_d991281